Datum a čas kvízu
34
Celkem bodů
Celkový počet nahraných bodů na tomto kvízu bez doplňovacích otázek.
1.
Pořadí na kvízu
Konečné umístění týmu na tomto kvízu.
Zaznamenané odpovědi
| # | Otázka | Odpověď | Body | Výsledky |
|---|---|---|---|---|
| 1. | Prorektor Univerzity Karlovy ú... | Aleš Gerloch | 0 | |
| 2. | Prezident Kazachstánu, který b... | Nursultan Nazarbajev | 0 | |
| 3. | Jistá populární facebooková st... | Opráski sčeskí historje | 0 | |
| 4. | Jak se nazývá inzertní platfor... | letgo | 1 | |
| 5. | Na programu ČT sport jsme mohl... | v Japonsku | 1 | |
| 6. | Dnešní cestovatelské téma se b... | Córdoba | 1 | |
| 7. | Jak se jmenuje velmi známý špa... | Luis Buñuel | 0 | |
| 8. | Když si vzpomenete na jednu zn... | Malagelo | 1 | |
| 9. | Jak se jmenuje antický hrdina,... | Héraklés (též Herkules) | 1 | |
| 10. | Na obrázku vidíte radnici v př... | Juan Carlos I. | 1 |